La cólera de Aníbal / (Record no. 193224)

MARC details
000 -LEADER
campo de control de longitud fija 03078nam a22004217i 4500
001 - NÚMERO DE CONTROL
campo de control 193224
003 - IDENTIFICADOR DE NÚMERO DE CONTROL
campo de control ES-MaACL
005 - FECHA Y HORA DE LA ÚLTIMA TRANSACCIÓN
campo de control 20250807124652.0
007 - CAMPO FIJO DE DESCRIPCIÓN FÍSICA--INFORMACIÓN GENERAL
campo de control de longitud fija ta
008 - DATOS DE LONGITUD FIJA--INFORMACIÓN GENERAL
campo de control de longitud fija 231016b sp ||||| |||| 00| 0 spa d
017 ## - NÚMERO DE COPYRIGHT O DE DEPÓSITO LEGAL
Número de copyright o de depósito legal M 13847-2018
Agencia que asigna Oficina Depósito Legal Madrid
020 ## - NÚMERO INTERNACIONAL ESTÁNDAR DEL LIBRO
Número Internacional Estándar del Libro 9788494830754
040 ## - FUENTE DE CATALOGACIÓN
Lengua de catalogación spa
Centro/agencia transcriptor ES-MaACL
080 ## - NÚMERO DE LA CLASIFICACIÓN DECIMAL UNIVERSAL
Número de la Clasificación Decimal Universal 821.134.2-31"19"
080 ## - NÚMERO DE LA CLASIFICACIÓN DECIMAL UNIVERSAL
Número de la Clasificación Decimal Universal 929 Aníbal (0:82)
100 1# - ENTRADA PRINCIPAL--NOMBRE DE PERSONA
Nombre de persona Gonzalo Aizpiri, Arturo,
Fechas asociadas al nombre 1963-
Término indicativo de función/relación Autor
9 (RLIN) 234343
245 13 - MENCIÓN DEL TÍTULO
Título La cólera de Aníbal /
Mención de responsabilidad, etc. Arturo Gonzalo Aizpiri
250 ## - MENCION DE EDICION
Mención de edición Primera edición
260 ## - PUBLICACIÓN, DISTRIBUCIÓN, ETC.
Lugar de publicación, distribución, etc. [Madrid] :
Nombre del editor, distribuidor, etc. Evohé,
Fecha de publicación, distribución, etc. 2018
300 ## - DESCRIPCIÓN FÍSICA
Extensión 416 páginas :
Otras características físicas mapas ;
Dimensiones 24 cm
336 ## - TIPO DE CONTENIDO
Fuente rdacontent
Término de tipo de contenido Texto
337 ## - TIPO DE MEDIO
Fuente rdamedia
Nombre/término del tipo de medio sin mediación
338 ## - TIPO DE SOPORTE
Fuente rdacarrier
Nombre/término del tipo de soporte volumen
490 1# - MENCIÓN DE SERIE
Mención de serie Novela histórica
500 ## - NOTA GENERAL
Nota general Glosario
504 ## - NOTA DE BIBLIOGRAFÍA, ETC.
Nota de bibliografía, etc. Bibliografía: páginas 415-416
520 ## - RESUMEN, ETC.
Sumario, etc. Tras los dramáticos sucesos que pusieron a Aníbal al frente de los ejércitos cartagineses, la tensa pausa del invierno se ha instalado en Ispania. Todos saben que esa tregua durará lo que tarde en llegar la primavera. Aníbal toma las riendas de los territorios conquistados por Amílcar y Asdrúbal y prepara sus nuevas campañas, empujado por una ambición sin límites. Al mismo tiempo vigila los movimientos de sus enemigos en Roma, en la propia Cartago y, sobre todo, en el interior de Ispania. Comprende que todas sus aspiraciones dependen de su capacidad de doblegar a la coalición de pueblos íberos que le hace frente. La rebeldía de ólcades y oretanos es, además de una amenaza militar, una ofensa a la reputación de Cartago y al honor de la familia Barca que no puede seguir tolerando.<br/>Tras el éxito de El heredero de Tartessos y El cáliz de Melqart, Arturo Gonzalo Aizpiri lleva a los lectores a aquel momento vertiginoso en que Aníbal Barca, comandando a los cartagineses en la península Ibérica con un talento militar, una audacia y un carisma personal sin parangón desde Alejandro Magno, se dispuso a cambiar para siempre el curso de la Historia. La cólera de Aníbal pone el esperado broche final a la Trilogía de Aníbal, una epopeya que ha cautivado ya a millares de lectores. Y lo hace con uno de esos relatos memorables donde los grandes hechos militares no impiden prestar atención a personajes que, con su incondicional humanidad, nos invitan a acompañarlos. Y que se empeñan en permanecer con nosotros tras la última página.
600 04 - PUNTO DE ACCESO ADICIONAL DE MATERIA--NOMBRE DE PERSONA
9 (RLIN) 234344
Nombre de persona Aníbal,
Fechas asociadas al nombre 247-182 a.C.-
Subdivisión de forma Novelas
655 #7 - TERMINO DE INDIZACIÓN--GENERO/FORMA
Datos o término principal de género/forma Novelas históricas
Fuente del término tgfbne
9 (RLIN) 226782
830 ## - PUNTO DE ACCESO ADICIONAL DE SERIE-TÍTULO UNIFORME
Título uniforme Novelas históricas
9 (RLIN) 183759
852 ## - LOCALIZACIÓN
Ubicación ES-MaACL
Sublocalización o colección R. 154619
Ubicación en estantería Depósito J
itemnumber 200641
Número de control de estantería N-9385
Donativo/Legado Donación: Arturo Gonzalo Aizpiri
Encuadernación Encuadernación rústica con solapas
903 ## - NOMBRE PERSONAL DE DONANTE
a Gonzalo Aizpiri, Arturo,
d 1963-
e Donante
9 234343
942 ## - ELEMENTOS DE ENTRADA SECUNDARIOS (KOHA)
Suprimir en OPAC No
Tipo de ítem Koha Libro impreso
Holdings
Estatus retirado Estado de pérdida Fuente del sistema de clasificación o colocación Estado de daño No para préstamo Biblioteca de origen Biblioteca actual Ubicación en estantería Fecha de adquisición Fuente de adquisición Número de control de estantería Total de préstamos Signatura topográfica completa Código de barras Visto por última vez Tipo de ítem Koha
    Clasificación decimal universal     Biblioteca del Ateneo de Madrid Biblioteca del Ateneo de Madrid Depósito J 16/10/2023 Donación Ateneísta   N-9385 101205930 16/10/2023 Libro impreso